00485nam a22001337a 4500008004100000040005500041080001400096100002300110245011900133260004600252300001600298650002200314653001500336230418b |||||||| |||| 00| 0 eng d aNational Science LibrarycNational Science Library a371.3bL0 aVaidya, Narendera  aSome aspects of Piaget's work and science teaching: bA contribution towards the foundation of science teaching,  aNew Delhi: bS. Chand & Co. (Pvt.) Ltd.,  axix, 310p.  aScience teaching  aEducation